000
00273nam a2200097Ia 4500
008
231107s2016 xx 000 0 und d
041
_a
eng
100
_a
Jefferis Alan
245
_a
Commercial Drafting & Detailing 3rd ed.
260
_a
Australia
_b
Delmar Cengage Learning
_c
2016
999
_c
930445
_d
930445